Opera nona intitulata Il Perche (Record no. 7924)

MARC details
000 -CABECERA
campo de control de longitud fija 01145nam a2200301 a 4500
001 - NÚMERO DE CONTROL
campo de control BRCA_8256
005 - FECHA Y HORA DE LA ÚLTIMA TRANSACCIÓN
campo de control 20190320210211.0
008 - DATOS DE LONGITUD FIJA--INFORMACIÓN GENERAL
campo de control de longitud fija 300514s1520----it-####f##---#000-0#lat-#
041 ## - CÓDIGO DE LENGUA
Código de lengua del texto/banda sonora o título independiente lat
044 ## - CÓDIGO DEL PAÍS DE LA ENTIDAD EDITORA/PRODUCTORA
Código MARC del país it
050 #4 - SIGNATURA TOPOGRÁFICA DE LA BIBLIOTECA DEL CONGRESO
Número de clasificación R128.6
Número de documento/Ítem .M36 1520
100 1# - ENTRADA PRINCIPAL--NOMBRE DE PERSONA
Nombre de persona Manfredis, Hieronymus de
Fechas asociadas al nombre 1430-1493
9 (RLIN) 20610
245 10 - MENCIÓN DE TÍTULO
Título Opera nona intitulata Il Perche
Resto del título utilissima ad intendere le cagioni de molte cole. Maximamente allia conservatione de la sanita: Et phisionomia. Et virtu delle herbe. Novamente stampata
Mención de responsabilidad, etc. Hieronymus de Manfredis.
260 ## - PUBLICACIÓN, DISTRIBUCIÓN, ETC.
Lugar de publicación, distribución, etc. Venecia
Nombre del editor, distribuidor, etc. Alessandro di Bindoni
Fecha de publicación, distribución, etc. 1520
300 ## - DESCRIPCIÓN FÍSICA
Extensión 127 p.
Dimensiones 15 cm.
500 ## - NOTA GENERAL
Nota general En lomo: Hieronymus de Manfredis-Il Perche. Venetia, 1520
500 ## - NOTA GENERAL
Nota general Fondo antiguo
500 ## - NOTA GENERAL
Nota general Ejemplar se encuentra en caja fuerte
500 ## - NOTA GENERAL
Nota general T-12
500 ## - NOTA GENERAL
Nota general Con Ex- libris de: Franz Mayer
500 ## - NOTA GENERAL
Nota general Uso de letras capitulares
500 ## - NOTA GENERAL
Nota general Incluye tabla de contenido
500 ## - NOTA GENERAL
Nota general Edición con cantos en rojo
506 0# - NOTA DE RESTRICCIONES AL ACCESO
Limitaciones de acceso Fondo reservado: para su consulta es necesario credencial de usuario y carta de motivos
650 14 - PUNTO DE ACCESO ADICIONAL DE MATERIA--TÉRMINO DE MATERIA
Término de materia o nombre geográfico como elemento de entrada Medicina
Subdivisión cronológica Siglo XIV
9 (RLIN) 20611
902 ## - CATALOGADOR
Iniciales LAR
942 ## - ELEMENTOS DE PUNTO DE ACCESO ADICIONAL (KOHA)
Fuente del sistema de clasificación o colocación Library of Congress Classification
Tipo de ítem Koha Libros
Holdings
Estado de retiro Estado de pérdida Estado dañado No para préstamo Localización permanente Ubicación/localización actual Fecha de adquisición Número de inventario Total de préstamos Signatura topográfica completa Código de barras Fecha visto por última vez Precio válido a partir de Tipo de ítem Koha
El ejemplar forma parte de la colección y puede ser consultado según las políticas vigentes.       Biblioteca del Museo Franz Mayer (Rogerio Casas-Alatriste) Biblioteca del Museo Franz Mayer (Rogerio Casas-Alatriste) 30/05/2014 T-12   R128.6 .M36 1520 (T-12) LAR00016 22/03/2019 22/03/2019 Libros